[Event "Eastern Asia-ch U14"]
[Site "Tornelo INT"]
[Date "2021.10.30"]
[Round "4"]
[White "Bhavesh, Mahajan"]
[Black "Chidvilash, Sai Surapaneni"]
[Result "1-0"]
[WhiteElo "1961"]
[BlackElo "1646"]
[PlyCount "103"]
[EventDate "2021.10.29"]
[EventType "swiss"]
[EventRounds "9"]
[EventCountry "NET"]
[SourceTitle "EXT 2023"]
[Source "ChessBase"]
[SourceDate "2022.10.05"]
[SourceVersion "1"]
[SourceVersionDate "2022.10.05"]
[SourceQuality "1"]

1. e4 c6 2. d4 d5 3. exd5 cxd5 4. Bd3 Nc6 5. c3 Nf6 6. Bf4 Bg4 7. Qb3 Qd7 8. Nd2 e6 9. Ngf3 Bd6 10. Bg3 0-0 11. 0-0 Qc7 12. Rfe1 Rfe8 13. Ne5 Bh5 14. a4 Bg6 15. Nxg6 hxg6 16. Nf3 Bxg3 17. hxg3 Na5 18. Qb4 Nc4 19. Bxc4 dxc4 20. Ne5 Rec8 21. a5 Nd5 22. Qa4 Rab8 23. Re2 Nf6 24. Re3 b5 25. axb6 Rxb6 26. Re2 a6 27. Ra2 g5 28. Nf3 g4 29. Ne5 g6 30. Qa5 Qb7 31. Qa4 Qc7 32. Qd1 Kg7 33. Ra4 Qb8 34. Rxc4 Rh8 35. Qd2 Qg8 36. Rc7 Rh5 37. Rxf7+ Qxf7 38. Nxf7 Kxf7 39. Qf4 Rb7 40. Qd6 Re7 41. Re5 Rh8 42. Qxa6 Rb8 43. Qe2 Rb6 44. f3 Reb7 45. b4 Rc7 46. Rc5 Ra7 47. b5 Rb8 48. Rc6 Re8 49. c4 Rd7 50. d5 exd5 51. Rxf6+ Kxf6 52. Qxe8 1-0

[Event "New Delhi Parsvnath blitz op 18th"]
[Site "New Delhi"]
[Date "2020.01.14"]
[Round "7"]
[White "Ambarish, Sharma"]
[Black "Bhavesh, Mahajan"]
[Result "0-1"]
[WhiteElo "2057"]
[BlackElo "2101"]
[PlyCount "190"]
[EventDate "2020.01.14"]
[EventType "swiss (blitz)"]
[EventRounds "9"]
[EventCountry "IND"]
[SourceTitle "CBM 194 Extra"]
[Source "ChessBase"]
[SourceDate "2020.03.31"]
[SourceVersion "1"]
[SourceVersionDate "2020.03.31"]
[SourceQuality "1"]

1. e4 e5 2. Nf3 Nc6 3. Bc4 Bc5 4. d4 Bxd4 5. Nxd4 Nxd4 6. 0-0 Nf6 7. f4 d6 8. Be3 Ne6 9. f5 Nd4 10. Bxd4 exd4 11. Qxd4 Qe7 12. Nc3 0-0 13. Rae1 Re8 14. Nd5 Nxd5 15. Bxd5 Qe5 16. Qd2 Qf6 17. Kh1 Bd7 18. Bxb7 Rab8 19. Bd5 Rxb2 20. Bb3 Re5 21. Qc1 Rc5 22. Re3 Bb5 23. Rfe1 Qe5 24. c3 Rf2 25. Qa3 a6 26. Qb4 Qe7 27. a4 Be8 28. e5 dxe5 29. h3 Rxf5 30. Bc2 Rf6 31. Qxc5 Qxc5 32. Rxe5 Re6 33. Rxc5 Rxe1+ 34. Kh2 c6 35. a5 Re2 36. Bd3 Re7 37. Bxa6 Ra7 38. Bc4 Kf8 39. a6 f6 40. Ra5 Ke7 41. Ra3 Kd6 42. Kg3 Kc5 43. Bf1 Bf7 44. Ra5+ Kb6 45. Ra1 Bd5 46. c4 Bf7 47. Rb1+ Kc7 48. c5 Bg6 49. Re1 Kd8 50. Bc4 Bf5 51. Kf4 Bc8 52. Ra1 Kc7 53. Re1 Kd8 54. Rd1+ Ke7 55. Rb1 Kd8 56. Rb8 Kc7 57. Rb6 Bd7 58. Bg8 h6 59. Bc4 Bc8 60. g4 g6 61. h4 g5+ 62. hxg5 fxg5+ 63. Kg3 Bd7 64. Rb1 Bc8 65. Re1 Bxa6 66. Re7+ Kb8 67. Re8+ Bc8 68. Be6 Rc7 69. Rh8 Kb7 70. Bxc8+ Rxc8 71. Rxh6 Rd8 72. Rh7+ Ka6 73. Rg7 Rd5 74. Kf3 Kb5 75. Ke4 Kxc5 76. Rf7 Kb5 77. Rf5 Kc4 78. Rf6 c5 79. Rf5 Rd4+ 80. Kf3 Rd3+ 81. Ke4 Rd4+ 82. Kf3 Kb4 83. Rxg5 c4 84. Rg8 c3 85. Rb8+ Ka3 86. g5 Rc4 87. g6 c2 88. Ra8+ Kb2 89. Rb8+ Kc3 90. g7 c1Q 91. g8Q Rf4+ 92. Kg3 Qe3+ 93. Kh2 Rf2+ 94. Kh1 Qh3+ 95. Kg1 Qh2# 0-1

[Event "New Delhi Parsvnath blitz op 18th"]
[Site "New Delhi"]
[Date "2020.01.14"]
[Round "5"]
[White "Manikya, Negi"]
[Black "Bhavesh, Mahajan"]
[Result "1/2-1/2"]
[WhiteElo "1589"]
[BlackElo "2101"]
[PlyCount "59"]
[EventDate "2020.01.14"]
[EventType "swiss (blitz)"]
[EventRounds "9"]
[EventCountry "IND"]
[SourceTitle "CBM 194 Extra"]
[Source "ChessBase"]
[SourceDate "2020.03.31"]
[SourceVersion "1"]
[SourceVersionDate "2020.03.31"]
[SourceQuality "1"]

1. e4 e5 2. Nf3 Nc6 3. d4 exd4 4. Bc4 Bc5 5. c3 Nf6 6. e5 d5 7. Be2 Ne4 8. cxd4 Bb4+ 9. Bd2 Nxd2 10. Nbxd2 0-0 11. 0-0 Be6 12. Rc1 Ba5 13. Nb3 Bb6 14. Nc5 Rb8 15. Qd2 Ne7 16. Nxe6 fxe6 17. Ng5 Qd7 18. Bg4 Nf5 19. Bxf5 Rxf5 20. f4 Rbf8 21. g4 Rxg5 22. fxg5 Rxf1+ 23. Rxf1 Qa4 24. Rf4 Qe8 25. Rf2 c5 26. Qf4 cxd4 27. Kg2 Qe7 28. h4 d3 29. Rf1 Bd8 30. Rf2 1/2-1/2

[Event "Western Asia-ch U14"]
[Site "Delhi"]
[Date "2019.09.10"]
[Round "9"]
[White "Chilukuri, Sai Varshith"]
[Black "Bhavesh, Mahajan"]
[Result "1/2-1/2"]
[WhiteElo "1813"]
[BlackElo "2085"]
[PlyCount "67"]
[EventDate "2019.09.06"]
[EventType "swiss"]
[EventRounds "9"]
[EventCountry "IND"]
[SourceTitle "CBM 192 Extra"]
[Source "Chessbase"]
[SourceDate "2019.11.06"]
[SourceVersion "1"]
[SourceVersionDate "2019.11.06"]
[SourceQuality "1"]

1. d4 d5 2. c4 e6 3. Nc3 Nf6 4. Bg5 Be7 5. e3 0-0 6. Nf3 Nbd7 7. Bd3 Re8 8. 0-0 c6 9. Qc2 a6 10. a4 h6 11. Bh4 Nh5 12. Bxe7 Qxe7 13. cxd5 exd5 14. a5 Nf8 15. Ne5 Nf6 16. Na4 Be6 17. Qc5 N6d7 18. Qxe7 Rxe7 19. Nxd7 Nxd7 20. Rfc1 Rd8 21. Ra3 Nf8 22. Nc5 Bc8 23. h3 Ne6 24. Nxe6 Bxe6 25. Kh2 Bc8 26. g4 g6 27. Rg1 Kg7 28. Raa1 Be6 29. h4 Rc8 30. Rac1 Ree8 31. Kg3 Bd7 32. b4 Rcd8 33. Rh1 Kf6 34. Kf4 1/2-1/2

[Event "Western Asia-ch U14"]
[Site "Delhi"]
[Date "2019.09.07"]
[Round "4"]
[White "Bagwe, Gaurang"]
[Black "Bhavesh, Mahajan"]
[Result "1/2-1/2"]
[WhiteElo "1788"]
[BlackElo "2085"]
[PlyCount "231"]
[EventDate "2019.09.06"]
[EventType "swiss"]
[EventRounds "9"]
[EventCountry "IND"]
[SourceTitle "CBM 192 Extra"]
[Source "Chessbase"]
[SourceDate "2019.11.06"]
[SourceVersion "1"]
[SourceVersionDate "2019.11.06"]
[SourceQuality "1"]

1. e4 e5 2. Nf3 Nc6 3. Bb5 a6 4. Ba4 Nf6 5. d3 b5 6. Bb3 Bc5 7. c3 d6 8. Nbd2 0-0 9. Nf1 h6 10. Ng3 Bb6 11. 0-0 Re8 12. Be3 Rb8 13. Bd4 Bc5 14. Bxc5 Rb7 15. Bb6 Rxb6 16. Qe2 Rb8 17. Nh4 Na5 18. Nhf5 Nxb3 19. axb3 g6 20. Ne3 d5 21. f4 dxe4 22. dxe4 exf4 23. Rxf4 Nh7 24. Qf2 Rf8 25. e5 Qg5 26. Re1 Be6 27. h4 Qe7 28. b4 c5 29. Ng4 Bxg4 30. Rxg4 Qe6 31. Rf4 cxb4 32. cxb4 Kh8 33. Ne4 Qe7 34. Nc5 Ra8 35. e6 fxe6 36. Qd4+ e5 37. Rxf8+ Rxf8 38. Qxe5+ Qxe5 39. Rxe5 g5 40. hxg5 Nxg5 41. Nxa6 Ra8 42. Nc7 Ra1+ 43. Kh2 Ra2 44. Rxb5 Rxb2 45. Rb8+ Kh7 46. b5 Kg6 47. b6 Kf5 48. Nd5 Nf3+ 49. Kg3 Ne5 50. Rf8+ Ke6 51. Nc7+ Kd7 52. Rf6 Rb3+ 53. Kf4 Nc6 54. Nd5 Rb5 55. Ke4 h5 56. Rf5 Kd6 57. Rxh5 Rb2 58. g4 Rb1 59. Ne3 Rb4+ 60. Kd3 Ne5+ 61. Kc3 Re4 62. Rxe5 Kxe5 63. b7 Rxe3+ 64. Kc4 Re4+ 65. Kc5 Rxg4 66. b8Q+ Kf5 67. Kd5 Rf4 68. Qc8+ Kf6 69. Qe6+ Kg5 70. Ke5 Rf2 71. Qg8+ Kh4 72. Ke4 Kh3 73. Qg6 Rf1 74. Ke3 Kh2 75. Qh5+ Kg3 76. Qg5+ Kh2 77. Ke2 Rg1 78. Qe5+ Kg2 79. Qe3 Kh2 80. Kf2 Rg2+ 81. Kf1 Rg4 82. Qe5+ Kh3 83. Qf5 Kg3 84. Ke2 Rf4 85. Qg5+ Rg4 86. Qe5+ Kg2 87. Qe3 Kh2 88. Kf2 Rg2+ 89. Kf1 Rg4 90. Qe5+ Kh3 91. Kf2 Kh4 92. Kf3 Rg6 93. Qe7+ Kh5 94. Kf4 Rf6+ 95. Ke5 Rf3 96. Ke4 Rf1 97. Qg7 Re1+ 98. Kf5 Rf1+ 99. Ke6 Re1+ 100. Kf7 Rf1+ 101. Kg8 Kh4 102. Qg2 Rf4 103. Kh7 Rg4 104. Qh2+ Kg5 105. Qe5+ Kh4 106. Kh6 Kh3 107. Qf5 Kh4 108. Qf2+ Kh3 109. Qf3+ Rg3 110. Qe2 Rg2 111. Qf1 Kg3 112. Kg5 Kh2+ 113. Kh4 Rg4+ 114. Kh5 Rg2 115. Qe1 Rg1 116. Qf2+ 1/2-1/2

[Event "Western Asia-ch U14"]
[Site "Delhi"]
[Date "2019.09.06"]
[Round "2"]
[White "Mrithyunjay, Mahadevan"]
[Black "Bhavesh, Mahajan"]
[Result "1/2-1/2"]
[WhiteElo "1799"]
[BlackElo "2085"]
[PlyCount "130"]
[EventDate "2019.09.06"]
[EventType "swiss"]
[EventRounds "9"]
[EventCountry "IND"]
[SourceTitle "CBM 192 Extra"]
[Source "Chessbase"]
[SourceDate "2019.11.06"]
[SourceVersion "1"]
[SourceVersionDate "2019.11.06"]
[SourceQuality "1"]

1. e4 e5 2. Nf3 Nc6 3. Bb5 a6 4. Ba4 Nf6 5. 0-0 b5 6. Bb3 Bc5 7. Nxe5 Nxe5 8. d4 Bxd4 9. Qxd4 d6 10. c3 c5 11. Qd1 0-0 12. Qe2 Bb7 13. f3 h6 14. Rd1 c4 15. Bc2 Qc7 16. Bf4 Rad8 17. Nd2 Nh5 18. Be3 Ng6 19. Qf2 Qc8 20. f4 Rfe8 21. f5 Ne5 22. Qh4 Nf6 23. Re1 Nfd7 24. Qg3 Kh7 25. Bd4 f6 26. Bd1 Nd3 27. Re3 N7e5 28. b4 Re7 29. Bc2 Qc6 30. Nf3 Qe8 31. Nd2 d5 32. exd5 Bxd5 33. Bxd3 cxd3 34. Rae1 Bxa2 35. Bxe5 Rxe5 36. Rxe5 fxe5 37. Rxe5 Qc6 38. Rc5 Qf6 39. Ne4 Qf8 40. Nd2 Bf7 41. Kf2 Qe7 42. Qe3 Qf6 43. g3 Bh5 44. h4 Qd6 45. Qe6 Qf8 46. Qe4 Bf7 47. Rc7 Kg8 48. f6 gxf6 49. Rc6 Rd6 50. Qg4+ Kh8 51. Rc8 Rd8 52. Rxd8 Qxd8 53. Ke3 Kh7 54. h5 Qd6 55. Qf5+ Kg7 56. Ne4 Qd8 57. g4 Qe7 58. Kxd3 Qe6 59. Qf4 Qe7 60. Qd6 Qe6 61. Ke3 f5 62. Qxe6 Bxe6 63. Nc5 Kf6 64. gxf5 Kxf5 65. Nxe6 Kxe6 1/2-1/2

[Event "Barcelona Sants op 21st"]
[Site "Barcelona"]
[Date "2019.09.01"]
[Round "10"]
[White "Bhavesh, Mahajan"]
[Black "Nadal Fajardo, Ricard"]
[Result "1-0"]
[WhiteElo "2046"]
[BlackElo "2221"]
[PlyCount "77"]
[EventDate "2019.08.23"]
[EventType "swiss"]
[EventRounds "10"]
[EventCountry "ESP"]
[SourceTitle "EXT 2020"]
[Source "ChessBase"]
[SourceDate "2019.10.17"]
[SourceVersion "1"]
[SourceVersionDate "2019.10.17"]
[SourceQuality "1"]

1. e4 e6 2. d4 d5 3. e5 c5 4. c3 Nc6 5. Nf3 Qb6 6. Bd3 Bd7 7. 0-0 cxd4 8. cxd4 Nxd4 9. Nbd2 Bc5 10. Nxd4 Bxd4 11. Nf3 Bc5 12. Qe2 a5 13. Ng5 Nh6 14. Nxh7 Nf5 15. Ng5 Nd4 16. Qg4 Bb5 17. Bxb5+ Qxb5 18. Be3 Nf5 19. Bxc5 Qxc5 20. Rac1 Qb4 21. Qxb4 axb4 22. Rc7 0-0 23. Rxb7 Rxa2 24. Rxb4 Ra6 25. Rc1 f6 26. Nf3 Rfa8 27. g4 Ra1 28. Rxa1 Rxa1+ 29. Kg2 Ne7 30. Rb6 Kf7 31. Rb7 Rd1 32. h4 d4 33. g5 d3 34. g6+ Ke8 35. Rb8+ Kd7 36. exf6 gxf6 37. g7 Rc1 38. h5 e5 39. Rb7+ 1-0

[Event "Barcelona Sants op 21st"]
[Site "Barcelona"]
[Date "2019.08.28"]
[Round "6"]
[White "Bhavesh, Mahajan"]
[Black "Cruz Estrada, Filemon"]
[Result "1-0"]
[WhiteElo "2046"]
[BlackElo "2309"]
[PlyCount "89"]
[EventDate "2019.08.23"]
[EventType "swiss"]
[EventRounds "10"]
[EventCountry "ESP"]
[SourceTitle "EXT 2020"]
[Source "ChessBase"]
[SourceDate "2019.10.17"]
[SourceVersion "1"]
[SourceVersionDate "2019.10.17"]
[SourceQuality "1"]

1. e4 e6 2. d4 d5 3. e5 c5 4. c3 Nc6 5. Nf3 Qb6 6. Bd3 cxd4 7. cxd4 Nh6 8. 0-0 Nf5 9. Bxf5 exf5 10. Nc3 Be6 11. Rb1 a5 12. Be3 Be7 13. a3 0-0 14. Na4 Qb5 15. Nc3 Qa6 16. Bg5 Bxg5 17. Nxg5 h6 18. Nf3 a4 19. Rc1 Qa5 20. Qe2 Ra6 21. Nb5 Rb6 22. Nd6 Qa7 23. Rc3 Na5 24. Rd1 Qa6 25. Qc2 g6 26. Rc5 Nc6 27. Rc3 Na5 28. h4 Nb3 29. h5 Rc6 30. hxg6 fxg6 31. Nh4 Kg7 32. g4 Rxd6 33. gxf5 Bxf5 34. Nxf5+ Rxf5 35. Rc7+ Kg8 36. Rc8+ Kg7 37. Qc7+ Rf7 38. Qb8 g5 39. Rg8+ Kh7 40. Rh8+ Kg6 41. Qg8+ Rg7 42. Qe8+ Kf5 43. Rf8+ Kg4 44. f3+ Kh4 45. Kf2 1-0

[Event "Barcelona Sants op 21st"]
[Site "Barcelona"]
[Date "2019.08.23"]
[Round "1"]
[White "Valderrama Quiceno, Esteban Alberto"]
[Black "Bhavesh, Mahajan"]
[Result "1/2-1/2"]
[WhiteElo "2429"]
[BlackElo "2046"]
[PlyCount "40"]
[EventDate "2019.08.23"]
[EventType "swiss"]
[EventRounds "10"]
[EventCountry "ESP"]
[SourceTitle "EXT 2020"]
[Source "ChessBase"]
[SourceDate "2019.10.17"]
[SourceVersion "1"]
[SourceVersionDate "2019.10.17"]
[SourceQuality "1"]

1. c4 e5 2. Nc3 Nf6 3. Nf3 Nc6 4. e3 Bb4 5. Nd5 Be7 6. Qc2 d6 7. Be2 0-0 8. 0-0 h6 9. a3 a5 10. h3 Be6 11. Nc3 Re8 12. Rd1 Qc8 13. d4 exd4 14. Nxd4 Nxd4 15. Rxd4 Nd7 16. Nd5 Nc5 17. Bd2 a4 18. Rd1 Bg5 19. Nf4 Nb3 20. Re4 Nc5 1/2-1/2

[Event "Sant Adria de Besos op-A 3rd"]
[Site "Sant Adria de Besos"]
[Date "2019.08.14"]
[Round "1"]
[White "Bhavesh, Mahajan"]
[Black "Avila Pavas, Santiago"]
[Result "0-1"]
[WhiteElo "2046"]
[BlackElo "2411"]
[PlyCount "92"]
[EventDate "2019.08.14"]
[EventType "swiss"]
[EventRounds "9"]
[EventCountry "ESP"]
[SourceTitle "EXT 2020"]
[Source "ChessBase"]
[SourceDate "2019.10.17"]
[SourceVersion "1"]
[SourceVersionDate "2019.10.17"]
[SourceQuality "1"]

1. e4 Nf6 2. Nc3 d5 3. exd5 Nxd5 4. Bc4 c6 5. Qf3 e6 6. Nge2 Be7 7. 0-0 0-0 8. Bb3 Nd7 9. d4 N7f6 10. Rd1 a5 11. a4 b6 12. Ne4 Nxe4 13. Qxe4 Bb7 14. c3 Bd6 15. Bc2 g6 16. Qg4 f5 17. Qf3 Qc7 18. h4 c5 19. Qh3 Rae8 20. Bh6 Rf7 21. Bd3 c4 22. Bc2 Nf6 23. f3 Nd5 24. Bd2 Rd7 25. Re1 Rdd8 26. Rad1 Rd7 27. Bc1 Ba6 28. Kf2 Bb7 29. Bg5 f4 30. Rd2 Ne3 31. Bb1 e5 32. dxe5 Bc5 33. Rxd7 Qxd7 34. Nd4 Nf5 35. Bxf5 Bxd4+ 36. cxd4 Qxd4+ 37. Kf1 gxf5 38. Qxf5 c3 39. bxc3 Ba6+ 40. Re2 Qd1+ 41. Kf2 Qxe2+ 42. Kg1 Qxe5 43. Qg4 Bc8 44. Qxf4 Qxf4 45. Bxf4 Bd7 46. Bc7 Re6 0-1

[Event "Sitges op 45th"]
[Site "Sitges"]
[Date "2019.07.30"]
[Round "9"]
[White "Kulkarni, Vinayak"]
[Black "Bhavesh, Mahajan"]
[Result "0-1"]
[WhiteElo "2143"]
[BlackElo "2051"]
[PlyCount "108"]
[EventDate "2019.07.22"]
[EventType "swiss"]
[EventRounds "9"]
[EventCountry "ESP"]
[SourceTitle "CBM 191 Extra"]
[Source "ChessBase"]
[SourceDate "2019.09.30"]
[SourceVersion "1"]
[SourceVersionDate "2019.09.30"]
[SourceQuality "1"]

1. Nf3 d5 2. g3 Nf6 3. Bg2 c6 4. 0-0 Bg4 5. d4 Nbd7 6. Nbd2 e6 7. Re1 Be7 8. e4 0-0 9. c3 dxe4 10. Nxe4 Nxe4 11. Rxe4 Bxf3 12. Qxf3 Bg5 13. Re2 Bxc1 14. Rxc1 Qf6 15. Qh5 Qg6 16. Qa5 Nb6 17. Rce1 Rfd8 18. Qe5 Nc4 19. Qc5 Nb6 20. Qe5 Nc4 21. Qf4 Nd6 22. Bh3 Qf6 23. Qg4 Re8 24. Qh5 Rad8 25. Qc5 Nc8 26. Bg2 Qe7 27. Qa5 Qd6 28. a3 Rd7 29. Re5 Qc7 30. Qa4 Nb6 31. Qb3 Rde7 32. f4 Nd7 33. R5e2 g6 34. Qc4 Qd6 35. Qa4 Qb8 36. Qa5 Kf8 37. h4 a6 38. Qg5 Qd6 39. h5 Kg7 40. hxg6 hxg6 41. Bf3 f6 42. Qg4 e5 43. f5 Nf8 44. Rd1 exd4 45. Rxd4 Qc5 46. Be4 Rd8 47. b4 Qb6 48. Red2 Red7 49. fxg6 Rxd4 50. cxd4 Rxd4 51. Rxd4 Qxd4+ 52. Kh2 Qd2+ 53. Kh3 Qe1 54. Qf4 Ne6 0-1

[Event "Sitges op 45th"]
[Site "Sitges"]
[Date "2019.07.24"]
[Round "3"]
[White "Bhavesh, Mahajan"]
[Black "Vergara Jofre, Felipe Andres"]
[Result "0-1"]
[WhiteElo "2051"]
[BlackElo "2332"]
[PlyCount "76"]
[EventDate "2019.07.22"]
[EventType "swiss"]
[EventRounds "9"]
[EventCountry "ESP"]
[SourceTitle "CBM 191 Extra"]
[Source "ChessBase"]
[SourceDate "2019.09.30"]
[SourceVersion "1"]
[SourceVersionDate "2019.09.30"]
[SourceQuality "1"]

1. e4 c5 2. Nf3 d6 3. d4 cxd4 4. Qxd4 Nc6 5. Bb5 Bd7 6. Bxc6 Bxc6 7. Nc3 Nf6 8. Bg5 e6 9. 0-0-0 Be7 10. Rhe1 0-0 11. Kb1 h6 12. Bh4 Qa5 13. Bg3 Rfd8 14. Qd2 Qc5 15. Qd4 Qh5 16. Qe3 b5 17. Nd4 Be8 18. f3 b4 19. Nce2 Qc5 20. Qd2 a5 21. Nb3 Qb6 22. Ned4 a4 23. Nc1 Rdc8 24. Bf2 Qa5 25. Nd3 d5 26. e5 Nd7 27. f4 Nc5 28. h4 Ne4 29. Qe2 b3 30. f5 bxa2+ 31. Kxa2 Rab8 32. Rb1 Rb3 33. fxe6 Qc3 34. exf7+ Kh7 35. f8N+ Bxf8 36. Nb5 Bxb5 37. Bc5 Rxc5 38. Qxe4+ dxe4 0-1

[Event "Sitges op 45th"]
[Site "Sitges"]
[Date "2019.07.22"]
[Round "1"]
[White "Bhavesh, Mahajan"]
[Black "Munoz Pantoja, Miguel Angel"]
[Result "0-1"]
[WhiteElo "2051"]
[BlackElo "2511"]
[PlyCount "120"]
[EventDate "2019.07.22"]
[EventType "swiss"]
[EventRounds "9"]
[EventCountry "ESP"]
[SourceTitle "CBM 191 Extra"]
[Source "ChessBase"]
[SourceDate "2019.09.30"]
[SourceVersion "1"]
[SourceVersionDate "2019.09.30"]
[SourceQuality "1"]

1. e4 c5 2. Nf3 Nc6 3. d4 cxd4 4. Nxd4 Nf6 5. Nc3 e5 6. Ndb5 d6 7. a4 a6 8. Na3 Be7 9. Bc4 Be6 10. 0-0 Nxe4 11. Bxe6 Nxc3 12. Bxf7+ Kxf7 13. Qf3+ Bf6 14. Qxc3 d5 15. Be3 Qd7 16. Rfd1 Rac8 17. Qb3 Ne7 18. c3 Qe6 19. Rd2 Rc7 20. Rad1 Rhc8 21. h3 h6 22. Re1 Rd7 23. Red1 Rdc7 24. Re1 Rd7 25. Red1 Kg8 26. Nc2 Nf5 27. Nb4 Nxe3 28. fxe3 Bg5 29. Rxd5 Bxe3+ 30. Kh1 Rf8 31. c4 Rf3 32. Qc2 Rxd5 33. Nxd5 Rxh3+ 34. gxh3 Qxh3+ 35. Qh2 Qf3+ 36. Qg2 Qh5+ 37. Qh2 Qxd1+ 38. Kg2 Qc2+ 39. Kh3 Qf5+ 40. Kg2 Qe4+ 41. Kh3 Bf4 42. Qf2 Qxc4 43. Nxf4 exf4 44. Kg4 Qe6+ 45. Kf3 Qd5+ 46. Kg4 Qg5+ 47. Kf3 Qg3+ 48. Qxg3 fxg3 49. Kxg3 Kf7 50. Kf4 Ke6 51. Ke4 g5 52. Kd4 h5 53. Kc5 g4 54. Kb6 g3 55. Kxb7 a5 56. Ka6 g2 57. Kxa5 g1Q 58. b4 Kd5 59. b5 Kc5 60. b6 Qb1 0-1

[Event "Barcelona Sant Marti op 21st"]
[Site "Barcelona"]
[Date "2019.07.20"]
[Round "8"]
[White "Yang, Jack Nathaniel"]
[Black "Bhavesh, Mahajan"]
[Result "0-1"]
[WhiteElo "1791"]
[BlackElo "2051"]
[PlyCount "104"]
[EventDate "2019.07.13"]
[EventType "swiss"]
[EventRounds "9"]
[EventCountry "ESP"]
[SourceTitle "EXT 2020"]
[Source "ChessBase"]
[SourceDate "2019.10.17"]
[SourceVersion "1"]
[SourceVersionDate "2019.10.17"]
[SourceQuality "1"]

1. d4 d5 2. c4 e6 3. Nc3 Nf6 4. cxd5 exd5 5. Bg5 Be7 6. e3 0-0 7. Bd3 c6 8. Qc2 Nbd7 9. h3 Re8 10. Nf3 Nf8 11. Bf4 Ne6 12. Bh2 g6 13. 0-0-0 Ng7 14. Kb1 Bf5 15. Bxf5 Nxf5 16. g4 Nd6 17. Rdg1 Nfe4 18. Nxe4 Nxe4 19. Rg2 Rc8 20. Nd2 Nxd2+ 21. Qxd2 Bf6 22. Rc1 Qd7 23. Bf4 Qe6 24. Qd3 Bg7 25. h4 h6 26. Bh2 a6 27. Bg1 Bf8 28. f4 Qe4 29. Qxe4 Rxe4 30. g5 hxg5 31. hxg5 Bd6 32. Bf2 Kg7 33. Rh2 Rh8 34. Rxh8 Kxh8 35. a3 Kg7 36. b4 Re8 37. Rh1 Bc7 38. Rh2 Bd6 39. Kb2 b6 40. Kb3 c5 41. Kc3 cxb4+ 42. axb4 Rc8+ 43. Kb3 Rc1 44. Kb2 Rc4 45. b5 Rb4+ 46. Ka2 Rxb5 47. Be1 Bb4 48. Bg3 Ra5+ 49. Kb3 Bd6 50. Rh1 Ra3+ 51. Kb2 Rxe3 52. Rg1 Rf3 0-1

[Event "Barcelona Sant Marti op 21st"]
[Site "Barcelona"]
[Date "2019.07.15"]
[Round "3"]
[White "Bhavesh, Mahajan"]
[Black "Meessen, Rudolf"]
[Result "0-1"]
[WhiteElo "2051"]
[BlackElo "2269"]
[PlyCount "164"]
[EventDate "2019.07.13"]
[EventType "swiss"]
[EventRounds "9"]
[EventCountry "ESP"]
[SourceTitle "EXT 2020"]
[Source "ChessBase"]
[SourceDate "2019.10.17"]
[SourceVersion "1"]
[SourceVersionDate "2019.10.17"]
[SourceQuality "1"]

1. e4 e6 2. d4 d5 3. e5 c5 4. c3 Qb6 5. Nf3 Nc6 6. Bd3 cxd4 7. cxd4 Bd7 8. 0-0 Nxd4 9. Nbd2 Bc5 10. Nxd4 Bxd4 11. Nf3 Ne7 12. Bd2 Nc6 13. Nxd4 Qxd4 14. Bc3 Qc5 15. Re1 d4 16. Bd2 h6 17. Rc1 Qb6 18. b4 Nxb4 19. Rb1 Nxd3 20. Rxb6 axb6 21. Re4 Ra4 22. Qa1 Nc5 23. Rxd4 0-0 24. Rxa4 Bxa4 25. h3 Rd8 26. Bc1 Rd1+ 27. Kh2 Bc6 28. f3 Nd3 29. Qd4 Rxc1 30. Qxd3 Bd5 31. a3 Ra1 32. Qc3 Ra2 33. Kg3 b5 34. Qc8+ Kh7 35. Qf8 Re2 36. Qxf7 Rxe5 37. Qc7 Re2 38. Qc3 Bc4 39. a4 Ra2 40. axb5 Bf1 41. Qb3 Rxg2+ 42. Kf4 Rg6 43. Qb1 Bxh3 44. Qe4 b6 45. Ke5 Bf1 46. Qb1 Bxb5 47. Kd6 Bc4 48. Ke7 e5 49. Qe4 b5 50. Kd7 Be6+ 51. Kc7 Bc4 52. Kd7 Be6+ 53. Kc7 Bf7 54. Qxe5 Rg5 55. Qd4 Rf5 56. Kb6 g5 57. Kc6 h5 58. Kc7 h4 59. Qg4 Kg6 60. Kd6 Bc4 61. Qg2 Bd5 62. Qc2 Bxf3 63. Qc8 Bd5 64. Ke7 Bc4 65. Qc6+ Kh5 66. Qe4 Rf4 67. Qh7+ Kg4 68. Qc2 h3 69. Qd1+ Kg3 70. Qg1+ Kh4 71. Qe1+ Kh5 72. Qg3 Bf1 73. Kd6 Bg2 74. Qc3 b4 75. Qh8+ Kg4 76. Qc8+ Kg3 77. Qg8 g4 78. Qb3+ Bf3 79. Qb1 Rd4+ 80. Ke5 Rd5+ 81. Kf6 h2 82. Qe1+ Kg2 0-1

[Event "IND-ch U13"]
[Site "Ahmedabad"]
[Date "2018.06.15"]
[Round "2"]
[White "Bhavesh, Mahajan"]
[Black "Aditya, Mittal"]
[Result "1/2-1/2"]
[WhiteElo "1537"]
[BlackElo "2208"]
[PlyCount "150"]
[EventDate "2018.06.14"]
[EventType "swiss"]
[EventRounds "11"]
[EventCountry "IND"]
[SourceTitle "EXT 2019"]
[Source "ChessBase"]
[SourceDate "2018.10.10"]
[SourceVersion "1"]
[SourceVersionDate "2018.10.10"]
[SourceQuality "1"]

1. e4 c5 2. Nf3 d6 3. d4 cxd4 4. Qxd4 Nc6 5. Bb5 Bd7 6. Bxc6 Bxc6 7. Nc3 Nf6 8. Bg5 e6 9. 0-0-0 Be7 10. Rhe1 0-0 11. Kb1 Qa5 12. h4 Rfd8 13. Nd2 b5 14. Nb3 Qc7 15. Be3 Ng4 16. Bg5 f6 17. Bc1 Ne5 18. f4 Nc4 19. f5 e5 20. Nxb5 Bxb5 21. Qd5+ Kf8 22. Qxb5 a5 23. Qd5 Rdb8 24. a4 Nb6 25. Qb5 Rc8 26. Re2 Nc4 27. Qd5 Rab8 28. Rd3 Rb4 29. Bh6 Qb6 30. Qe6 Qg1+ 31. Bc1 Rc7 32. Qd5 Nb6 33. Qxa5 Rxa4 34. Qe1 Qxe1 35. Rxe1 Nc4 36. c3 Rb7 37. Kc2 Ra2 38. Kb1 Ra8 39. Kc2 Rab8 40. Nd2 Nxb2 41. Bxb2 Rxb2+ 42. Kd1 g6 43. g4 Ra8 44. Ke2 Raa2 45. Rg1 Kf7 46. Rg2 Rc2 47. Rg1 gxf5 48. exf5 e4 49. Rd4 d5 50. Rxd5 Rxc3 51. g5 e3 52. g6+ hxg6 53. fxg6+ Kg7 54. Rg3 Rcc2 55. Rxe3 Bb4 56. Red3 Kxg6 57. Ke3 f5 58. h5+ Kf6 59. h6 Kg6 60. Nf3 Re2+ 61. Kf4 Re4+ 62. Kg3 f4+ 63. Kh3 Kxh6 64. R5d4 Rae2 65. Rxe4 Rxe4 66. Rd4 Rxd4 67. Nxd4 Kh5 68. Nf3 Bd6 69. Kg2 Kg4 70. Nh2+ Kf5 71. Kf3 Bc5 72. Ng4 Bg1 73. Nh6+ Kg5 74. Nf7+ Kf6 75. Kxf4 Kxf7 1/2-1/2